000 00501nam a2200169 a 4500
001 000040583
005 20201002034230.0
008 130902s2008 dr 000 0 spa d
020 _a8478841911
040 _aDO-SdBNP
_bspa
_cBNPHU
245 0 0 _aCuentos brasileños /
_cJoaquín Machado de Assis...[et.al].
260 _aMadrid :
_bEditorial Popular,
_c2008.
300 _a106 p. ;
_c20 cm.
490 1 _aLetras Grande
700 1 _aMachado de Assis, Joaquín
_966916
830 0 _aLetras Grande
_966917
999 _c40073
_d40073